Der Einfluss von Christian Garves Übersetzung Ciceros "De officiis" auf Kants "Grundlegung zur Metaphysik der Sitten"

Сохранить в:
Библиографические подробности
Главный автор: Melches Gibert, Carlos (Автор)
Формат:
Опубликовано: Resensburg, Deutschland: S. Roderer, 1994.
Серии:Theorie und Forschung, 226.;
Theorie und Forschung., Philosophie und Theologie, 19.
Предметы:
Метки: Добавить метку
Нет меток, Требуется 1-ая метка записи!

MARC

LEADER 00000nam a22000007a 4500
003 CL-VaPUC
005 20241127084745.0
008 220811t1994 ||||| |||| 00| 0 eng d
999 |c 438264  |d 438262 
020 |a 3-89073-686-6 
040 |c Pontificia Universidad Católica de Valparaíso 
082 7 |a 142.3 MEL 1994  |2 22 
100 1 |a Melches Gibert, Carlos  |e author  |9 875392 
245 |a Der Einfluss von Christian Garves Übersetzung Ciceros "De officiis" auf Kants "Grundlegung zur Metaphysik der Sitten" 
260 |a Resensburg, Deutschland:  |b S. Roderer,   |c 1994. 
300 |a 103 páginas. 
490 |a Theorie und Forschung,   |v  226.; 
490 |a  Theorie und Forschung., Philosophie und Theologie,  |v  19. 
500 |a c.1 Donación Familia Prof. Alejandro Guzmán Brito. 
583 |c 20220811  |k Cristina María Rojas Aguilar 
600 0 |a Kant, Immanuel,  |d 1724-1804  |9 858687 
600 0 |a Cicerón, Marco Tulio  |9 255203 
600 0 |a Garve, Christian,   |d 1742-1798  |9 875393 
942 |2 ddc  |c BK  |n 0 
952 |0 0  |1 0  |2 ddc  |4 0  |6 142_300000000000000_MEL_1994  |7 1  |8 C_AGB  |9 586144  |a BIBDER  |b BIBDER  |d 2022-08-11  |e Donación   |i 5654080  |o 142.3 MEL 1994  |p 5654080  |r 2023-01-25  |t 1  |w 2022-08-11  |y BK_US  |k AGB